• 首页
  • 本馆介绍
  • 公告通知
  • 最新文献
  • 馆藏检索
  • 电子资源
  • 读者导购
  • 参考咨询
  • 我的图书馆
  • 登录
  • 详细信息显示
  • 放入我的书架
  • 预约/预借图书
  • 作者相关作品
  • 分类相关作品
  • 丛书相关作品
  • 出版社相关作品

书目信息

  • 表格格式
  • 工作单格式
  • 卡片格式
题名:
中国经济增长的资源环境代价
    
 
作者: 石敏俊 , 马国霞 著
分册:  
出版信息: 北京   科学出版社  2009.10
页数: 11,203页
开本: 24cm
丛书名:
单 册:
中图分类: F124.5 , X196
科图分类:
主题词: 资源利用--经济核算--研究--中国 , 环境经济--经济核算--研究--中国 , 资源利用 , 经济核算 , 环境经济
电子资源:
ISBN: 978-7-03-025510-5
000 01628nam0 2200349 450
001 012004391456
005 20091208153542.04
010    @a978-7-03-025510-5@dCNY35.00
100    @a20091026d2009 em y0chiy0110 ea
101 0  @achi
102    @aCN@b110000
105    @aabk z 000yy
106    @ar
200 1  @a中国经济增长的资源环境代价@9zhong guo jing ji zeng zhang de zi yuan huan jing dai jia@e关于绿色国民储蓄的实证分析@f石敏俊,马国霞等著
210    @a北京@c科学出版社@d2009.10
215    @a11,203页@c图,地图@d24cm
300    @a中国科学院百人计划择优支持项目 国家自然科学基金委创新群体研究项目(NO. 70621001) 中国博士后基金项目(NO. 20060400525)资助
312    @a封面英文题名:Real price of China's economic growth an empirical study on genuine savings
330    @a本书在论述资源环境经济核算相关理论和方法的基础上,对2005年中国31个省(自治区、直辖市)资源消耗、生态退化和环境污染损失进行了货币化评价,定量计算了中国经济增长的资源环境代价。在此基础上,利用绿色国民储蓄的研究框架,测算了中国各地区真实的国民财富和可持续发展能力,分析了中国可持续发展能力的空间格局。
510 1  @aReal price of China's economic growth an empirical study on genuine savings@zeng
517 1  @a关于绿色国民储蓄的实证分析@9guan yu lu^ se guo min chu xu de shi zheng fen xi
606 0  @a资源利用@x经济核算@x研究@y中国
606 0  @a环境经济@x经济核算@x研究@y中国
606 0  @a资源利用
606 0  @a经济核算
606 0  @a环境经济
690    @aF124.5@v4
690    @aX196@v4
701  0 @a石敏俊@9shi min jun@4著
701  0 @a马国霞@9ma guo xia@4著
801  0 @aCN@bNLC@c20091208
905    @b20795360-64@dF124.5@e132@f5
    
    中国经济增长的资源环境代价:关于绿色国民储蓄的实证分析/石敏俊,马国霞等著.-北京:科学出版社,2009.10
    11,203页:图,地图;24cm
    中国科学院百人计划择优支持项目 国家自然科学基金委创新群体研究项目(NO. 70621001) 中国博士后基金项目(NO. 20060400525)资助
    
    ISBN 978-7-03-025510-5:CNY35.00
    本书在论述资源环境经济核算相关理论和方法的基础上,对2005年中国31个省(自治区、直辖市)资源消耗、生态退化和环境污染损失进行了货币化评价,定量计算了中国经济增长的资源环境代价。在此基础上,利用绿色国民储蓄的研究框架,测算了中国各地区真实的国民财富和可持续发展能力,分析了中国可持续发展能力的空间格局。
●
相关链接 在E读中查询图书 在五车中查询图书 在当当中查询图书 在豆瓣中查询图书


正题名:中国经济增长的资源环境代价     索取号:F124.5/132         预约/预借

序号 登录号 条形码 馆藏地/架位号 状态 备注
1 795360   207953605   第一样本阅览室/ [索取号:F124.5/132] 在馆    
2 795361   207953614   第一借阅区/ [索取号:F124.5/132] 在馆    
3 795362   207953623   第一借阅区/ [索取号:F124.5/132] 在馆    
4 795363   207953632   第一借阅区/ [索取号:F124.5/132] 在馆    
5 795364   207953641   第一借阅区/ [索取号:F124.5/132] 在馆    
唐山师范学院图书馆 欢迎您!
大连网信软件有限公司© 版权所有